00275pab a2200121 454500008004000000100001600040245004600056260000900102300000800111362001200119650001100131773001100142180718b1987 xxu||||| |||| 00| 0 eng d aDutta, A.N. aWhat lacks in national income computation c1987 a4-7 a16 Mar. aIncome aYojana